Pixar Cars 2 World Grand Prix Racers by Name - Statistics

General Stats
  • This quiz has been taken 171 times
  • The average score is 7 of 11
Answer Stats
Picture Answer % Correct
Lewis Hamilton
87%
Francesco Bernoulli
78%
Montgomery "Lightning" McQueen
73%
Miguel Camino
68%
Max Schnell
63%
Shu Todoroki
61%
Carla Veloso
59%
Nigel Gearsley
56%
Raoul ÇaRoule
55%
Jeff Gorvette
51%
Rip Clutchgoneski
44%
No matching quizzes found
Score Distribution
Percent of People with Each Score
Percentile by Number Answered
Your Score History
You have not taken this quiz